| 000 | 00603nam a2200241 4500 | ||
|---|---|---|---|
| 003 | OSt | ||
| 005 | 20250802143611.0 | ||
| 008 | 210423s2007 xx 000 0 und d | ||
| 020 | _a1846840732 | ||
| 040 | _cAL | ||
| 041 | _aEnglish | ||
| 082 |
_a320 _bCRID |
||
| 100 |
_aCRICK (Bernard) _989551 |
||
| 245 | _aDefence of politics | ||
| 250 | _a5 | ||
| 260 |
_aLondon _bContinuum internatiol publishing _c2007 |
||
| 300 |
_axiii,245 _bPB |
||
| 365 |
_b250 _cINR |
||
| 650 |
_aPolitical Science _989552 |
||
| 650 |
_aPolitical Science _989552 |
||
| 906 | _aDefence ; politics | ||
| 942 |
_2ddc _cBK |
||
| 999 |
_c159960 _d159960 |
||